00987nam a22002657a 45000010005000000030006000050050017000110080041000280200018000690400046000870500014001330820009001471000019001562450053001752600044002283000057002725050009003295200136003385210026004745210018005006500032005189420015005509990015005659520141005807397FISKH20250711153442.0250711b cb ||||| |||| 00| 0 eng d a9780688075361 aFISKHbengcFISKHdFISKH636 LCC SF75 .T34 aSF75 .T34 a636  aTafuri, Nancy  aSpots, feathers, and curly tails /cNancy Tafuri aNew York : bGreen WIllow Book, c1988. a34 unnumbered pages : bcolor illustrations ;c26 cm aជ  aQuestions and answers highlight some outstanding characteristics of farm animals, such as a chicken's feathers and a horse's mane. 8 a40 bLexile estimate 8 aC bRaz-Plus  aAnimalsvFarm AnimalsxPigs 2ddccBKn0 c7397d7397 00102ddc40708JUVFa001b001cTK Green 7-57-60d2025-07-11l0oTAF 636 SF75 .T34 pFISTK02623r2025-07-11 15:34:39t1w2025-07-11yBK